000
00295nam a22001217a 4500
040
_c
HS
082
_a
620
100
_a
ជួង សុផល
245
_a
Maschinen und gerate fur die pflanzenproduktion
260
_a
Berlin
_b
ជួង សុផល
_c
1987
300
_a
228p;
942
_c
EK
999
_c
9101
_d
9101